[Event "Recklinghausen"]
[Site "Recklinghausen"]
[Date "1995.??.??"]
[Round "?"]
[White "Mainka, Romuald"]
[Black "Glek, Igor Vladimirovich"]
[Result "0-1"]
[WhiteElo "2530"]
[BlackElo "2580"]
[Annotator "Glek,I"]
[PlyCount "64"]
[EventDate "1995.08.??"]
[EventType "tourn"]
[EventRounds "9"]
[EventCountry "GER"]
[EventCategory "7"]
[SourceTitle "CBM 050"]
[Source "ChessBase"]
[SourceDate "1996.02.01"]
[SourceVersion "1"]
[SourceVersionDate "1996.02.01"]
[SourceQuality "1"]

1. e4 e6 2. d4 d5 3. Nc3 Nf6 4. e5 Nfd7 5. f4 c5 6. Nf3 Nc6 7. Be3 a6 8. Qd2 b5
9. dxc5 Bxc5 10. Bxc5 Nxc5 11. Qf2 Qb6 12. Bd3 b4 13. Ne2 a5 14. O-O Ba6 15.
Kh1 Ne7 $1 16. Rfd1 {N/} (16. Rad1 Na4 $1 $10 {Nunn,J-Glek,I/GER/1992/}) 16...
h6 $1 (16... Na4 $6 17. Qxb6 Nxb6 18. b3 {/\a3!/}) 17. Ned4 O-O 18. Qh4 $6 (18.
Nb3 $32 $10) 18... Ra7 $1 19. g4 $6 (19. Qe1 $15) 19... Ng6 $17 20. Bxg6 fxg6
21. f5 $8 Raf7 $1 (21... gxf5 22. gxf5 (22. g5 $5) 22... exf5 23. Rg1 $36) 22.
g5 $5 (22. fxe6 Nxe6 $17) (22. Rg1 exf5 23. gxf5 Rxf5 $1 $36) 22... Rxf5 $1 23.
Nxf5 Rxf5 24. gxh6 $5 (24. Nd4 Rxg5 $19) 24... Rxf3 25. hxg7 (25. Rg1 Rf7 $1
26. Rxg6 (26. hxg7 Rxg7 $19) 26... d4 $1) 25... Kxg7 26. Rg1 Ne4 27. Rae1 (27.
Rxg6+ Kxg6 28. Rg1+ Qxg1+ $1 29. Kxg1 Ng5 $19) 27... Rf5 28. Rxe4 dxe4 29. Qe7+
Rf7 30. Qg5 Be2 $1 31. Qxg6+ Kf8 32. Qh6+ Ke7 $1 (32... Ke7 33. Qg5+ Ke8 34.
Qg8+ Rf8 35. Qg6+ Kd8 36. Qg5+ Kc8 $19) 0-1

[Event "Bundesliga 9697"]
[Site "Germany"]
[Date "1997.04.13"]
[Round "?.1"]
[White "Votava, Jan"]
[Black "Glek, Igor Vladimirovich"]
[Result "1/2-1/2"]
[WhiteElo "2530"]
[BlackElo "2620"]
[Annotator "Glek,I"]
[PlyCount "81"]
[EventDate "1996.10.12"]
[EventType "team-tourn"]
[EventRounds "15"]
[EventCountry "GER"]
[SourceTitle "GER-chT"]
[Source "ChessBase"]
[SourceDate "1999.07.01"]
[SourceVersion "1"]
[SourceVersionDate "1999.07.01"]
[SourceQuality "1"]
[WhiteTeam "Erfurt"]
[BlackTeam "Bochum"]
[WhiteTeamCountry "GER"]
[BlackTeamCountry "GER"]

1. e4 e6 2. d4 d5 3. Nc3 Nf6 4. e5 Nfd7 5. f4 c5 6. Nf3 Nc6 7. Be3 a6 8. Qd2 b5
9. dxc5 Bxc5 10. Bxc5 Nxc5 11. Qf2 Qb6 12. Bd3 b4 13. Ne2 a5 14. O-O Ba6 15.
Kh1 Ne7 16. Ng3 Na4 $5 (16... g6 17. Ne2 Rb8 $13 {Lutz-Glek, BL 1995/96 (1)} (
17... Na4 $5)) 17. Qxb6 (17. Nd4 $6 g6 (17... Nxb2 $6 18. Bxa6 {/\Nh5->}) 18.
Rae1 $5 (18. b3 Nc5 19. Rad1 h5 $5 $15) 18... Nxb2 19. Bxa6 Rxa6 20. f5 $1 exf5
$2 (20... Kd7 $142 $1 $17) 21. e6 $44 {P.Blatny-Glek, Wien op (8) 1996}) 17...
Nxb6 18. Nd4 g6 19. Bxa6 Rxa6 20. a3 bxa3 21. Rxa3 Kd7 22. Rfa1 a4 23. Nge2 Rc8
$11 24. Kg1 Nc6 25. Nxc6 Rxc6 26. Nd4 Rc4 27. c3 Rc7 28. b4 Ra8 29. Kf2 f6 $5 (
29... Rac8 $5 30. g3 h6 $5 $13 {/\g5}) 30. exf6 Rf8 31. g3 Rxf6 32. Ke2 h6 33.
h4 Rc8 34. Rd1 Ra8 35. Ra2 Nc4 36. Rda1 a3 37. Nf3 Kd6 38. Nd2 Nxd2 39. Kxd2 g5
40. hxg5 hxg5 41. Rxa3 1/2-1/2

[Event "Vlissingen HZ op 03rd"]
[Site "Vlissingen"]
[Date "1999.08.15"]
[Round "7"]
[White "David, Alberto"]
[Black "Gurevich, Mikhail"]
[Result "1/2-1/2"]
[WhiteElo "2544"]
[BlackElo "2643"]
[Annotator "Gurevich,M"]
[PlyCount "135"]
[EventDate "1999.08.09"]
[EventType "swiss"]
[EventRounds "7"]
[EventCountry "NED"]
[SourceTitle "EXT 2000"]
[Source "ChessBase"]
[SourceDate "1999.11.16"]
[SourceVersion "1"]
[SourceVersionDate "1999.11.16"]
[SourceQuality "1"]

1. e4 e6 2. d4 d5 3. Nc3 Nf6 4. e5 Nfd7 5. f4 c5 6. Nf3 Nc6 7. Be3 cxd4 8. Nxd4
Bc5 9. Qd2 O-O 10. O-O-O a6 11. h4 Nxd4 12. Bxd4 b5 13. Rh3 Bb7 14. Kb1 Bxd4
15. Qxd4 f6 $5 16. exf6 $5 {TN} (16. Bd3 fxe5 17. fxe5 Qb6 18. Qg4 Nxe5 19.
Bxh7+ Kxh7 20. Qh5+ Kg8 21. Qxe5 Rf5 $132 {1/2-1/2 Sindik,E-Dizdar,G/Makarska
1994/EXT 97 (29)}) 16... Qxf6 17. Qxf6 Rxf6 (17... Nxf6 18. Re3 Rae8 19. g3 $14
) 18. Ne2 Re8 {/\19...e5} (18... e5 $5 19. fxe5 Nxe5 20. Nd4 Raf8 21. Be2 $11)
19. Rc3 Rf7 $1 {[/\Nd7-f6-e4<=>]} 20. Rc7 Nf6 21. Rxf7 Kxf7 22. Ng1 {
/\Ng1-f3-e5} (22. Nd4 Nh5 $132 23. Be2 Nxf4 24. Rf1 e5 25. g3 Kg8 $15) 22...
Kg6 $5 {[/\23...Kf5|^]} 23. Bd3+ $1 Kh6 $5 (23... Kh5 24. Be2+ $1 $36 Kxh4 $4
25. Rd3 $18) 24. Kc1 (24. Nf3 Nh5 $15) 24... d4 $5 25. Be2 (25. g3 Nh5 26. Ne2
Bf3 $36) (25. Bf1 $5) 25... Bxg2 26. Rxd4 Nd5 27. a4 $1 $132 Rf8 28. axb5 axb5
29. Bxb5 Nxf4 30. Kd2 e5 31. Rd7 Ng6 $1 32. Bd3 (32. h5 $5 Nf4 33. Ne2 Nxh5 34.
Re7 $13) 32... Nxh4 33. Ne2 Nf3+ $6 $138 (33... e4 $1 34. Ba6 Nf5 $17 {(/\35...
Kg5, h7-h5-h4)}) 34. Kd1 Nh2 35. b4 Ng4 36. Kc1 Nf6 (36... e4 $5 37. Ba6 Rf2
$36) 37. Ra7 Nd5 38. Ng3 e4 (38... Nxb4 39. Nf5+ Kg5 40. Rxg7+ Kf6 41. Rxg2
Nxd3+ 42. cxd3 Rc8+ 43. Kd2 Kxf5 44. Rh2 $15) 39. Bxe4 Bxe4 40. Nxe4 Nxb4 41.
Rb7 Nd5 42. c4 Rc8 43. Nd6 Rc7 (43... Rc6 44. Nf5+ Kg5 45. Rxg7+ $11) 44. Rb5
$1 Nf6 45. Re5 $1 $15 Kg6 46. Kb2 h5 47. Kb3 Rc6 (47... h4 48. Nf5 (48. Kb4 h3
49. Re3 h2 50. Rh3 Ng4 $17) 48... h3 49. Nh4+ Kf7 50. Re3 h2 51. Rh3 Ng4 52.
Nf3 $11) 48. Nf5 Rb6+ 49. Ka4 Rb1 50. c5 Nd7 51. Rd5 $11 Nxc5+ $138 (51... Nf6
52. Re5 Ng4 53. Rd5 Kf6 54. Nxg7 $11) 52. Rxc5 Rh1 53. Ng3 Rh3 54. Nf5 Kf6 55.
Kb4 g6 56. Nd4 Re3 57. Rc3 Re4 58. Kc5 h4 59. Kd5 Re5+ 60. Kd6 Re1 61. Rf3+ Kg5
62. Ne6+ Kg4 63. Rf6 g5 64. Rg6 Kf5 65. Rxg5+ Kf6 66. Rh5 Rxe6+ 67. Kd5 Re1 68.
Rxh4 1/2-1/2

[Event "Lost Boys op"]
[Site "Amsterdam"]
[Date "2000.08.17"]
[Round "7"]
[White "Nijboer, Friso"]
[Black "Gurevich, Mikhail"]
[Result "0-1"]
[WhiteElo "2537"]
[BlackElo "2667"]
[Annotator "Gurevich,M"]
[PlyCount "90"]
[EventDate "2000.08.05"]
[EventType "swiss"]
[EventRounds "9"]
[EventCountry "NED"]
[SourceTitle "CBM 077 Extra"]
[Source "ChessBase"]
[SourceDate "2000.09.14"]
[SourceVersion "1"]
[SourceVersionDate "2000.09.14"]
[SourceQuality "1"]

1. e4 e6 2. d4 d5 3. Nc3 Nf6 4. e5 Nfd7 5. f4 c5 6. Nf3 Nc6 7. Be3 a6 8. Qd2 b5
9. Be2 Be7 10. O-O O-O 11. Kh1 (11. Nd1 {-67/366}) 11... b4 $5 {TN} (11... Bb7
12. Rae1 b4 13. Nd1 Qb6 14. f5 $6 exf5 15. dxc5 Bxc5 16. Bxc5 Nxc5 17. Qg5 f6
$17 {0-1 Van Blitterswijk-Gurevich,M/Dutch tch 1997 (25)}) 12. Na4 $5 cxd4 13.
Nxd4 Nxd4 14. Bxd4 Bb7 15. f5 $5 (15. b3 Bc6 16. Nb2 Qc7 $13) 15... exf5 16.
Rxf5 Bc6 17. b3 Bxa4 18. bxa4 Nc5 $1 {[/\19...Ne6]} 19. Raf1 (19. Qxb4 $5 Ne6
$5 (19... Rb8 20. Qc3 (20. Qd2 Ne4 21. Qd3 Qd7 $132) 20... Ne4 21. Qf3 $5 $14 (
21. Qe3 Qd7 22. Raf1 Qxa4 23. c4 $36)) 20. Qd2 Qd7 21. Raf1 Qxa4 $132) 19...
Ne6 20. Ba1 $5 (20. Bb2 Bg5 $5 21. Qxb4 $2 Rb8 $19) 20... a5 $5 {[/\21...
Rc8<=><<]} 21. Bg4 {[/\22.Rxf7]} Ra6 22. Qf2 Bc5 (22... Qe8 23. Be2 $36 {
(/\24.Bb5)}) 23. Qf3 Ng5 24. Qd3 (24. Qf4 Ne6 25. Qf3 Ng5 $11) 24... Rh6 $5 25.
Bb2 Ne4 $132 26. Bc1 Rc6 27. Qf3 Qe7 28. Qe2 Re6 (28... g6 $5 29. R5f3 h5 $1 (
29... Qxe5 30. Bh6 f5 $1 $17) 30. Bh3 Qxe5 31. Qb5 Rb6 $17 32. Qxa5 Nf2+ $19)
29. Bb2 Rh6 30. Bh3 Qe8 31. R5f4 $2 $138 Qxa4 32. Bc1 Qc6 $17 33. e6 Rxe6 $5 (
33... Qxe6 $3 $19 34. Bxe6 Ng3#) 34. Bxe6 Qxe6 35. Qf3 Bd6 36. Rh4 Rc8 37. Qd3
Be5 38. Rh5 g6 39. Rh4 h5 (39... Rc4 $5 40. Bf4 Bf6 41. Rh6 Qc6 $19) 40. Qd1
Nf6 $5 {[/\ 41...Ng4->>>]} 41. a3 bxa3 42. Bxa3 (42. Ra4 $142 Ng4 43. h3 Nf6
44. Rxa3 Ne4 $40) 42... Ng4 43. Qe1 Rxc2 $19 44. Qxa5 Bf6 45. Qb4 Rf2 $1 (45...
Rf2 46. Re1 Bxh4 47. h3 Rf4 $19) 0-1

[Event "Gibraltar Masters"]
[Site "Gibraltar"]
[Date "2007.01.29"]
[Round "6"]
[White "Sengupta, Deep"]
[Black "Gurevich, Mikhail"]
[Result "0-1"]
[WhiteElo "2416"]
[BlackElo "2635"]
[Annotator "Gurevich,M"]
[PlyCount "156"]
[EventDate "2007.01.23"]
[EventType "swiss"]
[EventRounds "9"]
[EventCountry "ENG"]
[SourceTitle "CBM 116 Extra"]
[Source "ChessBase"]
[SourceDate "2007.03.07"]
[SourceVersion "1"]
[SourceVersionDate "2007.03.07"]
[SourceQuality "1"]

1. e4 e6 2. d4 d5 3. Nc3 Nf6 4. e5 Nfd7 5. Nf3 c5 6. dxc5 Nc6 7. Bf4 Bxc5 8.
Bd3 f6 9. exf6 Qxf6 (9... Nxf6 10. Qe2 O-O 11. O-O-O Bd7 12. Kb1 Qe7 13. Ne5
Nxe5 14. Bxe5 b5 15. f4 a6 16. Qf3 b4 17. Ne2 Bb5 18. Nd4 Nd7 19. Qh5 Bxd3 20.
Rxd3 Bxd4 $132 {1-0 Grabarczyk,B (2441)-Bobula,M (2359)/Opole POL 2007/The
Week in Chess 642 (64)}) 10. Bg5 Qf7 11. O-O O-O 12. Bh4 Qh5 (12... h6 $5) 13.
Bg3 a6 14. Qe2 $5 Nf6 15. Rad1 Bd7 16. Na4 $1 {i/\17.c4} Ba7 17. c4 Nb4 (17...
b5 $5 18. cxb5 axb5 19. Bxb5 Ne4 $132) 18. Nc3 Nxd3 (18... b5 19. cxb5 Nxd3 20.
Qxd3 Bxb5 21. Nxb5 axb5 22. Qxb5 Ne4 $44) 19. Qxd3 Rac8 $1 20. cxd5 $6 (20. Ne5
$5 dxc4 21. Nxc4 Bc6 (21... Nd5 22. Nxd5 Qxd5 (22... exd5 23. Nd6 $36) 23. Qe2
Qxc4 24. Qxc4 Rxc4 25. Rxd7 Rf7 26. Rd8+ Rf8 27. Rd7 $11) 22. Ne5 Bd5 23. Nxd5
Nxd5 $5 (23... exd5 24. Qb3 $14) 24. Nf3 $14) 20... exd5 21. Nxd5 Qxd5 22.
Qxd5+ Nxd5 23. Rxd5 Be6 $15 24. Rd2 Bxa2 25. h3 Rfd8 26. Rfd1 Rxd2 (26... Bb6
27. b3 $13) 27. Rxd2 Be6 28. Rd6 Re8 29. Nd4 Bc8 30. Kh2 Bc5 31. Rd5 Be7 32.
Bc7 Bf6 33. f4 Kf7 34. Be5 Rd8 $5 35. Rxd8 Bxd8 36. g4 g6 37. Kg3 Be7 38. Bh8
Kg8 39. Be5 Kf7 40. Bh8 Bb4 41. Kh4 a5 42. Kg5 Bd7 43. Be5 b5 44. f5 (44. Kh6
Kg8 45. f5 $2 Bxf5 $1 $17) 44... Bd2+ 45. Kh4 gxf5 46. gxf5 Bh6 (46... a4 $5
47. Nf3 Bc1 48. Ng5+ Kg8 49. f6 Be8 $17) 47. Kg4 Bf8 48. Kf4 a4 49. Nf3 h6 50.
Bd4 {i/\51.Ne5+} Bd6+ $5 51. Ne5+ (51. Be5 $142) 51... Kf6 $1 52. Ke4 Bxf5+ 53.
Kd5 Ke7 54. h4 (54. Bc5 Bxc5 55. Kxc5 Bxh3 56. Kxb5 Kf6 $17) 54... b4 55. Nc6+
Kd7 56. Ne5+ Kc7 57. Nc4 Be7 58. Be5+ Kd8 59. h5 (59. Bd6 Bxh4 60. Bxb4 h5 $17)
59... a3 $1 $19 60. bxa3 bxa3 61. Ne3 Bh7 62. Kc4 (62. Ng4 Bg8+ 63. Ke4 Bg5 $19
) 62... Kd7 63. Kb3 (63. Ng4 Bg8+ 64. Kc3 Be6 $17 65. Nxh6 $2 Bf8 $19) 63...
Bg8+ 64. Kc2 Kc6 65. Ng4 Be6 66. Ne3 Bg5 67. Nf1 Kb5 68. Bc3 Ka4 69. Nd2 Bf5+
70. Kc1 Bg4 71. Kb1 Bxh5 72. Ka1 Bf7 73. Ne4 Be3 74. Bg7 h5 75. Bf6 Kb3 76. Nd6
h4 $1 77. Nf5 (77. Nxf7 h3 78. Be5 h2 79. Bxh2 Bd4+ 80. Kb1 a2+) 77... h3 78.
Be5 Bg1 0-1

[Event "Cappelle op 15th"]
[Site "Cappelle la Grande"]
[Date "1999.02.14"]
[Round "2"]
[White "Apicella, Manuel"]
[Black "Gurevich, Mikhail"]
[Result "1/2-1/2"]
[WhiteElo "2515"]
[BlackElo "2629"]
[Annotator "Gurevich,M"]
[PlyCount "62"]
[EventDate "1999.02.13"]
[EventType "swiss"]
[EventRounds "9"]
[EventCountry "FRA"]
[SourceTitle "CBM 069"]
[Source "ChessBase"]
[SourceDate "1999.04.01"]
[SourceVersion "1"]
[SourceVersionDate "1999.04.01"]
[SourceQuality "1"]

1. e4 e6 2. d4 d5 3. Nc3 Nf6 4. e5 Nfd7 5. f4 c5 6. Nf3 a6 7. Be3 Qb6 8. a3 (8.
Na4 Qa5+ 9. c3 cxd4 10. b4 Qc7 11. Qxd4 Nc6 12. Qd2 b5 13. Nb2 f6 14. exf6 Nxf6
15. Bd3 Bd6) 8... Nc6 9. Na4 Qa5+ 10. c3 c4 11. b4 cxb3 12. Qxb3 b5 (12... Qc7)
13. Nb2 b4 14. cxb4 Bxb4+ 15. Kf2 Rb8 16. Qc2 Bc3 (16... Bxa3 17. Nd3) 17. Ra2
Bxb2 (17... O-O 18. Nd1) (17... g5 18. fxg5 Ndxe5 19. dxe5 d4 20. Bf4 Nb4 21.
Nc4) 18. Rxb2 (18. Qxc6 Bb7 (18... O-O 19. Bd3) 19. Qc2 Bc3 20. Bd3 Rc8 21. Qb1
) 18... Qxa3 19. Rxb8 Ndxb8 20. Be2 Bd7 21. Rb1 O-O 22. Rb7 (22. Ng5 g6 23. Rb7
Rc8) 22... Rc8 23. Qb1 h6 (23... Qe7 24. Ng5 g6 25. h4) 24. Rxd7 Nxd7 25. Qb7
Ne7 26. Qxd7 Rc2 27. Qe8+ Kh7 28. g4 (28. Qxf7 Nf5 29. Bd2 Rxd2 30. Nxd2 Qe3+)
(28. Ne1 Ra2 29. Kf3 Nf5 30. Bd3 (30. Nd3 Nh4+) 30... Qb3) 28... Qd3 29. Nd2 (
29. Ng1 Nc6 30. Qxc6 Qxe3+ 31. Kxe3 Rxc6) 29... Rxd2 30. Bxd2 Qxd2 31. Qxe7
Qxf4+ (31... Qxf4+ 32. Ke1 Qc1+ 33. Bd1 Qe3+ 34. Kf1 Qf4+) 1/2-1/2

[Event "BL2-West 9596"]
[Site "Germany"]
[Date "1996.??.??"]
[Round "?.1"]
[White "Kuijf, Marinus"]
[Black "Gurevich, Mikhail"]
[Result "0-1"]
[WhiteElo "2470"]
[BlackElo "2590"]
[Annotator "Gurevich,M"]
[PlyCount "74"]
[EventDate "1995.10.??"]
[EventType "team-tourn"]
[EventRounds "9"]
[EventCountry "GER"]
[SourceTitle "CBM 051"]
[Source "ChessBase"]
[SourceDate "1996.04.01"]
[SourceVersion "1"]
[SourceVersionDate "1996.04.01"]
[SourceQuality "1"]
[WhiteTeam "Muenster"]
[BlackTeam "Godesberg"]
[WhiteTeamCountry "GER"]
[BlackTeamCountry "GER"]

1. e4 e6 2. d4 d5 3. Nc3 Nf6 4. e5 Nfd7 5. f4 c5 6. Nf3 a6 7. Be3 b5 8. g3 $5 {
TN} (8. Qd2 {-56/304,57/288}) 8... Be7 9. Ne2 (9. Bh3 Nc6 10. f5 $5 cxd4 11.
Nxd4 Ndxe5 12. fxe6 O-O 13. O-O $36 {(9...g6!?)}) 9... Nc6 10. c3 O-O 11. h4 b4
12. cxb4 (12. Ng5 bxc3 13. Qc2 g6 $13 14. h5 $6 Bxg5 15. fxg5 cxd4 $17) 12...
Nxb4 (12... cxd4 13. Nexd4 Bxb4+ 14. Bd2 $14) 13. Nc3 (13. dxc5 Bxc5 14. Bxc5
Nxc5 15. Ned4 Qb6 16. a3 Nc6 17. Nxc6 Qxc6 $13 18. Rc1 d4 $1 $132) 13... cxd4 (
13... Bb7 14. a3 Nc6 15. Be2 $13) 14. Nxd4 Bb7 15. a3 Nc6 16. Bd3 $6 (16. Be2
$142 Nxd4 17. Bxd4 Bc5 $132) 16... Nxd4 17. Bxd4 Nc5 $5 $132 {[/\18...Nxd3,18..
.Ne4]} 18. Bc2 Ne4 19. Qf3 (19. Nxe4 dxe4 20. Be3 Rc8 $1 $36 21. O-O Qxd1 22.
Bxd1 Rfd8 $15) 19... Rc8 $1 {[/\Rc8-c4-d4]} 20. Rd1 (20. Nxe4 $2 dxe4 21. Bxe4
Bxe4 22. Qxe4 Rc4 23. Rd1 Bc5 $19) 20... Rc4 21. Bxe4 (21. O-O Rxd4 22. Rxd4
Bc5 23. Rfd1 Qb6 $17) 21... dxe4 22. Qe3 Qc8 23. Rh2 (23. Nxe4 $2 Qa8) 23...
Rd8 $6 (23... h5 $5) 24. Rhd2 $6 (24. h5 $142 $13 {(/\25.Rhd2)}) 24... h5 25.
Bb6 Rxd2 (25... Rd3 26. Rxd3 exd3 27. Rxd3 Qc6 28. b3 $5 Qh1+ 29. Qg1 Qxg1+ 30.
Bxg1 $14) 26. Rxd2 g6 27. Bd4 $10 {[/\28.Nxe4]} Qa8 28. Kd1 $6 (28. Kf1 $10 {
(/\Kf1-g2-h2)}) 28... a5 29. Kc1 a4 30. Kb1 Bc6 {[/\Qa-b7-b3->]} 31. Qe2 Bd5
32. Be3 $2 (32. Nxd5 exd5 (32... Qxd5 33. Be3 Qc6 34. Rc2 $14) 33. f5 Qc6 $15)
(32. Be3 {[#]}) 32... Rxc3 $1 33. bxc3 Qc6 $1 $19 {[עb1]} 34. Rb2 (34. Bd4
Bxa3 $19) 34... Qxc3 35. Rb8+ Kh7 36. Qd2 (36. Bc1 Qxg3 $19) 36... Qxa3 37. f5
Bc4 (37... Bc4 38. fxg6+ Kxg6 {(/\39...Bd3+)}) 0-1

[Event "EU-Cup 21st"]
[Site "Saint Vincent"]
[Date "2005.09.18"]
[Round "1.1"]
[White "Polzin, Rainer"]
[Black "Gurevich, Mikhail"]
[Result "1/2-1/2"]
[WhiteElo "2514"]
[BlackElo "2669"]
[Annotator "Gurevich,M"]
[PlyCount "118"]
[EventDate "2005.09.18"]
[EventType "team-swiss"]
[EventRounds "7"]
[EventCountry "ITA"]
[SourceTitle "CBM 110"]
[Source "ChessBase"]
[SourceDate "2006.01.31"]
[SourceVersion "1"]
[SourceVersionDate "2006.01.31"]
[SourceQuality "1"]
[WhiteTeam "Berlin SF"]
[BlackTeam "Eynatten"]
[WhiteTeamCountry "GER"]
[BlackTeamCountry "BEL"]

1. e4 e6 2. d4 d5 3. Nc3 Nf6 4. e5 Nfd7 5. f4 c5 6. Nf3 Nc6 7. Be3 cxd4 8. Nxd4
Bc5 9. Qd2 O-O 10. O-O-O a6 11. Kb1 (11. Nce2 Qe7 12. Nb3 Bxe3 13. Qxe3 f6 14.
exf6 Nxf6 15. h3 a5 16. a3 b5 17. g4 a4 (17... b4 $5) 18. Nbd4 Na5 19. Nxb5 Nc4
20. Qd4 $14 {1/2-1/2 Svidler,P-Morozevich,A/Moscow RUS 2005/The Week in Chess
582 (43)}) (11. Qf2 Nxd4 12. Bxd4 Qe7 13. Bd3 (13. Kb1 b5 14. Bd3 Bxd4 15. Qxd4
Qc5 16. Ne2 b4 17. Qxc5 Nxc5 18. Nd4 a5 19. Be2 Bd7 20. Rhe1 a4 21. Bf3 Ra6 22.
Re3 Rb6 23. h4 {1/2-1/2 Perunovic,M-Zvjaginsev,V/Vrnjacka Banja 2005/Mega2006 
(23)}) 13... Bxd4 14. Qxd4 b5 15. Ne4 f6 16. exf6 Nxf6 17. Ng5 $36 {1-0
Grischuk,A-Lorenz,R/Mainz 2005/Mega2006 (28)}) (11. Nb3 {-94/(209)}) 11... Nxd4
12. Bxd4 b5 13. Qe3 Qc7 14. Bd3 Bxd4 15. Qxd4 Bb7 (15... Rb8 16. Ne2 b4 17. Qe3
Nc5 18. h4 Bd7 19. h5 a5 20. h6 g6 21. Nd4 a4 22. Qg3 a3 23. Qg5 Qd8 $11 {
1/2-1/2 Smeets,J-Stellwagen,D/Wijk aan Zee 2005/Mega2006 (27)}) 16. Rde1 $5 {
TN [/\ 17.f5]} (16. Rhe1 {-Polgar,J-Luther,Th Ohrid 2001 0-1 (75)}) (16. Ne2 {
-Alekseev,E-Zhukova,N Wijk aan Zee 2005 0,5-0,5 (42)}) 16... Qc5 (16... Rfe8 $5
) 17. Ne2 b4 $5 {[/\18...a5,19...Ba6]} 18. Rhf1 Rfe8 19. Rf3 a5 20. Rh3 g6 (
20... h6 $5 21. g4 Ba6 22. g5 (22. Bxa6 Rxa6 23. Qd3 Qf2 24. Rg1 Nc5 $132)
22... hxg5 23. fxg5 Qxd4 24. Nxd4 g6 $13) 21. g4 Ba6 22. Bxa6 Rxa6 23. Qd3 {
[/\Qd3-g3-h4|^>>]} Qf2 $5 24. Qg3 Qxg3 25. hxg3 f6 $1 $132 26. exf6 (26. Reh1
Re7 27. exf6 Nxf6 28. g5 Ne4 $132) 26... Nxf6 27. g5 Ne4 28. Nd4 e5 $5 29. Nf3
exf4 30. gxf4 Rae6 {[/\31...Nxg5;} (30... Nd2+ 31. Kc1 $11) 31. Rg1 Nd2+ 32.
Kc1 Re2 $36 33. Nd4 (33. Rd1 Ne4 34. Rxd5 Rc8 $40) 33... Rf2 34. f5 $5 Rf1+ $6
(34... gxf5 $5 35. g6 hxg6 36. Rxg6+ Kf7 37. Rg1 Nf1 $1 38. Rh7+ (38. b3 f4 39.
Rh7+ Kf6 $17) 38... Kf6 39. Rh6+ Ke5 40. Nc6+ Ke4 41. Nxa5 Ne3 42. Rc6 f4 $15)
35. Rxf1 Nxf1 36. c3 $1 $11 gxf5 (36... bxc3 37. Rxc3 gxf5 38. Nxf5 Re1+ 39.
Kc2 Re2+ 40. Kb3 $132) 37. cxb4 axb4 38. Nxf5 Re1+ 39. Kc2 Re5 40. Nd4 Rxg5 41.
a4 (41. Kb3 $5 Rg4 42. Rd3 h5 43. Kxb4 h4 44. Kc5 Rg3 45. Rd1 $14) 41... bxa3
42. bxa3 Rg4 43. Nf5 Rg5 44. Ne7+ Kg7 45. Kd3 Ng3 46. a4 Ne4 47. Kd4 Nf6 48.
Rg3 (48. a5 Rg4+ 49. Kc5 Ra4 50. Kb5 Ra1 $11) 48... Rxg3 49. Nf5+ Kf7 (49...
Kg6 50. Nxg3 h5 51. Nxh5 Kxh5 52. Ke5 Kg6 53. a5 $11) 50. Nxg3 Ke6 51. a5 Nd7
52. Ne2 Kd6 53. Nf4 Nc5 54. Nxd5 Nb3+ 55. Ke4 Nxa5 56. Nf6 h6 57. Kf5 Nc6 58.
Kg6 Ke6 59. Kxh6 Kxf6 1/2-1/2

[Event "Vlissingen HZ op 10th"]
[Site "Vlissingen"]
[Date "2006.08.10"]
[Round "7"]
[White "Smeets, Jan"]
[Black "Gurevich, Mikhail"]
[Result "1/2-1/2"]
[WhiteElo "2532"]
[BlackElo "2643"]
[Annotator "Gurevich,M"]
[PlyCount "120"]
[EventDate "2006.08.05"]
[EventType "swiss"]
[EventRounds "9"]
[EventCountry "NED"]
[SourceTitle "CBM 113 Extra"]
[Source "ChessBase"]
[SourceDate "2006.09.14"]
[SourceVersion "1"]
[SourceVersionDate "2006.09.14"]
[SourceQuality "1"]

1. e4 e6 2. d4 d5 3. Nc3 Nf6 4. e5 Nfd7 5. f4 c5 6. Nf3 Nc6 7. Be3 Be7 8. Qd2
O-O 9. g3 (9. dxc5 Bxc5 $5 10. O-O-O (10. Bxc5 Nxc5 11. O-O-O Qa5 12. Kb1 Rd8
13. Bb5 Bd7 14. Qf2 a6 15. Bxc6 bxc6 16. Nd4 Rab8 17. Nb3 Nxb3 18. cxb3 c5 19.
f5 d4 $15 {0-1 Li Chao2-Yu Shaoteng/Suzhou CHN 2006/The Week in Chess 608 (34)}
) 10... Qa5 $5 {TN [/\11...Rd8<=><<]} 11. Kb1 Rd8 12. Nd4 Nxd4 13. Bxd4 b6 14.
f5 Ba6 15. Bxa6 Qxa6 16. Qg5 h6 17. Qg4 Bxd4 18. Rxd4 Nxe5 19. Qg3 f6 20. fxe6
Qb7 21. Rhd1 Re8 22. Qh3 Qc6 23. Nxd5 {1/2-1/2 Korneev,O-Gurevich,M/Spanish
tch 2006} Rac8 24. c3 Qxe6 25. Qxe6+ Rxe6 $11) 9... Qa5 $5 {TN} (9... b6 10.
Bb5 Bb7 11. O-O cxd4 12. Nxd4 Nxd4 13. Bxd4 Nc5 14. Qe3 f5 15. exf6 Bxf6 16. b4
Ne4 17. Nxe4 dxe4 18. Rad1 $14 {1/2-1/2 L'Ami,E-Visser,Y/Leeuwarden 2004/
PowerBook2005 (50)}) 10. dxc5 Bxc5 11. Bxc5 Nxc5 12. Bg2 b5 $5 {[/\13...b4,14..
.Ba6<=>]} 13. Ne2 b4 14. Ned4 Nxd4 15. Nxd4 Qb6 16. O-O Ba6 17. Rfd1 (17. Rf2
Ne4 18. Bxe4 dxe4 $36) 17... Bb7 $5 {[/\a7-a5,Nc5-e4<=>[+]]} (17... Nd3 18.
cxd3 Qxd4+ 19. Qf2 Qxf2+ 20. Kxf2 Rfc8 21. Rac1 $5 (21. Ke3 Rc2 22. Rd2 Rac8
23. Rad1 $11) 21... Rxc1 22. Rxc1 Bxd3 23. Ke3 Bb5 24. Rc7 $44) 18. Qe3 Ne4 19.
a3 a5 20. axb4 axb4 21. Nf5 Qc7 $5 22. Nd4 h6 23. Bf1 Rxa1 24. Rxa1 Ra8 25.
Rxa8+ Bxa8 26. Bd3 Qa7 27. b3 Bb7 28. Kg2 Ba6 29. Bxe4 dxe4 30. Kf2 Bb7 31. Ne2
Qa1 $5 32. Qc1 (32. Qb6 Bd5 33. Qxb4 Qh1 $36) 32... Qa5 33. Qe3 Qc7 34. c4 $1
bxc3 35. Nxc3 Qa5 36. Nxe4 Qd5 37. Nc5 Qg2+ 38. Ke1 Qh1+ 39. Kd2 Qxh2+ 40. Qe2
$11 Bg2 $5 41. Qf2 Qh1 42. Kc3 Bc6 43. Kb4 Qa1 44. Na4 Bh1 45. Qe3 Qd1 46. Nc3
Qd8 47. Kc4 Qc8+ 48. Qc5 Qa6+ 49. Qb5 Qc8+ 50. Qc5 Qa8 51. Qe3 Qa6+ 52. Kb4 Bg2
53. Nb5 Qa8 54. Nc3 Bh1 55. Kb5 Bc6+ 56. Kb4 Bg2 57. Kc4 Bf1+ 58. Kb4 Bg2 59.
Kc4 Qa6+ 60. Kb4 Qa8 1/2-1/2